000 00286nam a2200109 a 4500
005 20140414132121.0
008 120822s19uu xx 00 eng d
050 _aTR 372.3044
_bC736 2004
245 _aComplete home instruction course.
650 _aMathematics-manual.
999 _c115058
_d115058